000 00594nam a2200253Ia 4500
005 20260121160717.0
008 008 260114s9999 xx 000 0 eng d
020 _a9781315676661
037 _aEBOOK
040 _aCRL
040 _beng
040 _cCRL
041 _2eng
041 _aeng
084 _qCRL
100 _a Ken Roberts
_91035331
245 0 _aSocial Theory, Sport, Leisure
260 _bTaylor and Francis
260 _c2016
856 _uhttp://www.taylorfrancis.com/books/9781315676661
942 _cEBOOK
999 _c1602147
_d1602147